Naši bratia zvieratá úvaha o etickom živote

Bibliographic Details
Main Author: Kupfer-Koberwitz, Edgar (Author)
Other Authors: Muntág, Stanislav, 1965- (Translator)
Format: Book
Language:Slovak
PhysicalDescription:52 s. 21 cm
Published: Martin Mahéšvaránanda Joga v dennom živote 1998
Subjects:

MARC

LEADER 00000cam a2200000 a 4500
001 vtls001358184
003 SK-MaSNL
005 20260301115006.0
008 240314s1998 xo gr 00000 slo
015 |a SNBA1999/07-02718 
035 |a SNK000311701 
035 |a urn:nbn:sk:snk-amkj1o 
035 |a urn:nbn:sk:snk-am003cxm 
035 |a 79926FDF-2E73-43AB-ABC5-4F942F5D77DB 
040 |a SNK  |b slo  |c SNK  |e AACR2 
041 0 |a slo 
044 |a xo  |c SK 
072 7 |a 17  |x Etika. Morálna filozofia  |2 konspekt 
080 |a 17  |2 2011 
080 |a 179.3  |2 2011 
080 |a (0:82-4)  |2 2011 
100 1 |a Kupfer-Koberwitz, Edgar  |4 aut  |9 459270 
240 1 4 |a Die Tierbrüder  |l Slovensky 
245 1 0 |a Naši bratia zvieratá  |b úvaha o etickom živote  |c Edgar Kupfer-Koberwitz ; [z nemeckého originálu ... preložil Stanislav Muntág] 
260 |a Martin  |b Mahéšvaránanda Joga v dennom živote  |c 1998 
300 |a 52 s.  |c 21 cm 
500 |a Ilustr. na tit. strane 
650 0 7 |a morálka  |2 SNKPH  |9 795 
650 0 7 |a etika  |2 SNKPH  |9 792 
650 0 7 |a ochrana zvierat  |2 SNKPH  |9 3948 
650 0 7 |a Morality  |2 SNKPHeng  |9 312594 
650 0 7 |a Ethics  |2 SNKPHeng  |9 265831 
650 0 7 |a Animal welfare  |2 SNKPHeng  |9 329126 
655 7 |a úvahy  |2 SNKPH  |9 29403 
655 7 |a Essays  |2 SNKPHeng  |9 267540 
700 1 |a Muntág, Stanislav,  |d 1965-  |4 trl  |9 106083 
852 |a Štátna vedecká knižnica v Banskej Bystrici 
958 |a TL 
958 |a OP 
958 |a NS 
958 |a DE 
968 |b DT 
999 |c 720554  |d 722484 
952 |t P60, <03>, [BOOK], {603}  |a SNK  |b SNK  |y PREZ  |7 0  |p 17A0192117  |o snkSC 98611  |i snkKSP 5202/99  |0 0  |1 0  |4 0  |d 1999-05-03  |f 1  |l 0  |r 2025-09-18 00:00:00  |w 2026-02-23 
952 |t P60, <04>, [BOOK], {604}  |a SNK  |b SNK  |y VYP  |7 0  |p 17A0197023  |o snkSC 98611 D1  |i snkKSP 6426/99  |0 0  |1 0  |4 0  |d 1999-06-10  |l 0  |r 2005-01-02 00:00:00  |w 2026-02-23